000 00310 a2200145 4500
001 171194
020 _a
040 _cMagnum
100 _aSouza, Flavio de
240 1 0 _aO ca(u)so do colar arco-iris
_lpor
245 1 0 _aO ca(u)so do colar arco-iris
362 0 _a1899
697 _aIJ/GERAL
942 _cBK
999 _c171194
_d171194